000 00205nam a2200097Ia 4500
008 240331s9999 xx 000 0 und d
082 _bGOW
100 _aGowtham,G
245 0 _aPatthu kattalaigal
942 _cL
999 _c4692
_d4692